| 000 | 00431nam a2200157Ia 4500 | ||
|---|---|---|---|
| 008 | 230711s9999||||xx |||||||||||||| ||und|| | ||
| 020 | _a978-81-203-0777-3 | ||
| 041 | _aENG | ||
| 082 |
_a6.3 _bPA-A |
||
| 100 | _aPatterson,Dan W | ||
| 245 | 0 | _aIntroduction to artificial intelligence and expert systems | |
| 260 |
_c2011 _aNew Delhi _bPHI Learning Private Limited |
||
| 300 | _a448 | ||
| 650 | _aComputer Engineering | ||
| 942 | _cBK | ||
| 999 |
_c4870 _d4870 |
||